| 000 -ლიდერი |
| ფიქსირებული სიგრძის საკონტროლო ველი |
01391nam a2200277Ia 4500 |
| 001 - საკონტროლო ნომერი |
| საკონტროლო ველი |
363 |
| 003 - საკონტროლო ნომრის იდენტიფიკატორი |
| საკონტროლო ველი |
GE_BSU |
| 005 - ბოლო ოპერაციის თარიღი და დრო |
| საკონტროლო ველი |
20200128163113.0 |
| 008 - ფიქსირებული სიგრძის მონაცემთა ელემენტები - ზოგადი ინფორმაცია |
| ფიქსირებული სიგრძის საკონტროლო ველი |
181216s2007||||ge |||||||||||||| ||geo|| |
| 020 ## - წიგნის საერთაშორისო სტანდარტული ნომერი |
| International Standard Book Number |
6789994091249 |
| 040 ## - კატალოგიზაციის წყარო |
| Transcribing agency |
GE_BSU |
| 041 ## - ენის კოდი |
| Language code of text/sound track or separate title |
geo |
| 080 ## - უნივერსალური ათობითი კლასიფიკაციის ინდექსი |
| Universal Decimal Classification number |
338.22+336 კ-52 |
| 100 ## - მთავარი ჩანაწერი - პიროვნების სახელი |
| Personal name |
კიოსაკი, რობერტ ტ. |
| 9 (RLIN) |
6451 |
| 245 ## - ცნობა სათაურის შესახებ |
| Title |
გადავდგეთ სამსახურიდან ახალგაზრდები და მდიდრები : |
| Remainder of title |
როგორ გავმდიდრდეთ სწრაფად და ცხოვრების ბოლომდე დავრჩეთ მდიდრებად! / |
| Statement of responsibility, etc |
რობერტ ტ. კიოსაკი, შერონ ლ. ლეჩტერი ; [მთარგმნ. ნონა მებონია]. |
| 264 ## - წარმოების, გამოცემის, დისტრიბუციის და სხვა ცნობები |
| გამოცემის, წარმოების, დისტრიბუციის... ადგილი |
თბილისი : |
| გამოცემის, წარმოების, დისტრიბუციის... სახელწოდება |
ზენაარი, |
| გამოცემის, წარმოების, დისტრიბუციის... თარიღი |
2007. |
| 300 ## - ფიზიკური აღწერა |
| Extent |
292 გვ. |
| Other physical details |
20 სმ. |
| 653 ## - INDEX TERM--UNCONTROLLED |
| Uncontrolled term |
ეკონომიკა |
| 653 ## - INDEX TERM--UNCONTROLLED |
| Uncontrolled term |
ბიზნესი |
| 653 ## - INDEX TERM--UNCONTROLLED |
| Uncontrolled term |
ინვესტიციები |
| 653 ## - INDEX TERM--UNCONTROLLED |
| Uncontrolled term |
ფასიანი ქაღალდები |
| 653 ## - INDEX TERM--UNCONTROLLED |
| Uncontrolled term |
მდიდრები |
| 700 ## - ADDED ENTRY--PERSONAL NAME |
| Personal name |
ლეჩტერი, შერონ ლ. |
| Relator term |
ავტორი |
| 9 (RLIN) |
6452 |
| 700 ## - ADDED ENTRY--PERSONAL NAME |
| Personal name |
მებონია, ნონა |
| Relator term |
მთარგმნელი |
| 9 (RLIN) |
6453 |
| 942 ## - ADDED ENTRY ELEMENTS (KOHA) |
| Koha item type |
წიგნი |
| Source of classification or shelving scheme |
|